Relativity and common sense (Record no. 18641)

MARC details
000 -LEADER
fixed length control field 00564nam a2200205Ia 4500
003 - CONTROL NUMBER IDENTIFIER
control field IN-BaIIA
008 - FIXED-LENGTH DATA ELEMENTS--GENERAL INFORMATION
fixed length control field 211028s9999 xx 000 0 eng d
020 ## - INTERNATIONAL STANDARD BOOK NUMBER
International Standard Book Number 0-486-24021-5
040 ## - CATALOGING SOURCE
Transcribing agency IIA Library
080 ## - UNIVERSAL DECIMAL CLASSIFICATION NUMBER
Universal Decimal Classification number 530.12
Item number BON
100 ## - MAIN ENTRY--PERSONAL NAME
Personal name Bondi, Hermann
9 (RLIN) 24786
245 #0 - TITLE STATEMENT
Title Relativity and common sense
Remainder of title a new approach to Einstein
Statement of responsibility, etc. Hermann Bondi
260 ## - PUBLICATION, DISTRIBUTION, ETC.
Place of publication, distribution, etc. New York
Name of publisher, distributor, etc. Dover Publications
Date of publication, distribution, etc. 1980
300 ## - PHYSICAL DESCRIPTION
Extent 177p.
650 ## - SUBJECT ADDED ENTRY--TOPICAL TERM
Topical term or geographic name entry element Concept of force
9 (RLIN) 24787
650 ## - SUBJECT ADDED ENTRY--TOPICAL TERM
Topical term or geographic name entry element Light
9 (RLIN) 2428
650 ## - SUBJECT ADDED ENTRY--TOPICAL TERM
Topical term or geographic name entry element Momentum
9 (RLIN) 18673
650 ## - SUBJECT ADDED ENTRY--TOPICAL TERM
Topical term or geographic name entry element Rotation
9 (RLIN) 11145
942 ## - ADDED ENTRY ELEMENTS (KOHA)
Koha item type Books
Holdings
Withdrawn status Lost status Damaged status Not for loan Home library Current library Shelving location Date acquired Total Checkouts Full call number Barcode Date last seen Price effective from Koha item type
        IIA Library-Bangalore IIA Library-Kodaikanal General Stacks 04/05/2013   530.12/ BON 19563 05/11/2021 04/05/2013 Books

Powered by Koha